Ekonomická podstata privatizácie vo verejnom sektore

Privatizácia - základný krok v procesoch transformácie našej ekonomiky. Rozbor ekonomických aspektov privatizácie v systéme odvetví verejného sektora. Štátne intervencie a trhová regulácia v podmienkach zlyhania alokačných mechanizmov. Teoretické východiská privatizácie vo verejnom sektore: zmena št...

ver descrição completa

Na minha lista:
Detalhes bibliográficos
Autor principal: Nemec, J.
Formato: Capítulo de Livro
Idioma:eslovaco
Assuntos:
Tags: Adicionar Tag
Sem tags, seja o primeiro a adicionar uma tag!

MARC

LEADER 00000naa a2200000 4500
001 r017648
005 20221205101555.5
041 0 |a slo 
044 |a SK 
245 1 0 |a Ekonomická podstata privatizácie vo verejnom sektore  |c J. Nemec 
520 |a Privatizácia - základný krok v procesoch transformácie našej ekonomiky. Rozbor ekonomických aspektov privatizácie v systéme odvetví verejného sektora. Štátne intervencie a trhová regulácia v podmienkach zlyhania alokačných mechanizmov. Teoretické východiská privatizácie vo verejnom sektore: zmena štátnej produkcie na produkciu v súkromnom sektore, privatizačné opatrenia pri zachovaní verejnej produkcie. 
610 2 0 |a privatizácia 
610 2 0 |a sektor verejný 
610 2 0 |a intervencionizmus štátny 
610 2 0 |a sektor súkromný 
610 2 0 |a teórie ekonomické 
610 2 0 |a produkcia 
610 2 0 |a náklady 
610 2 0 |a transformácia 
100 1 |a Nemec, J.